The confident hope of a miracle : (Record no. 39144)
[ view plain ]
| 000 -CABECERA | |
|---|---|
| campo de control de longitud fija | 00575nam a2200157 a 4500 |
| 001 - NÚMERO DE CONTROL | |
| campo de control | 000039654 |
| 005 - FECHA Y HORA DE LA ÚLTIMA TRANSACCIÓN | |
| campo de control | 20201002033649.0 |
| 008 - DATOS DE LONGITUD FIJA--INFORMACIÓN GENERAL | |
| campo de control de longitud fija | 130715s2003 xxua 000 0 spa d |
| 040 ## - FUENTE DE LA CATALOGACIÓN | |
| Centro catalogador/agencia de origen | DO-SdBNP |
| Lengua de catalogación | spa |
| Centro/agencia transcriptor | BNPHU |
| 100 1# - ENTRADA PRINCIPAL--NOMBRE DE PERSONA | |
| Nombre de persona | Hanson, Neil |
| 9 (RLIN) | 65844 |
| 245 10 - MENCIÓN DE TÍTULO | |
| Título | The confident hope of a miracle : |
| Resto del título | the true history of the spanish armada / |
| Mención de responsabilidad, etc. | Neil Hanson. |
| 260 ## - PUBLICACIÓN, DISTRIBUCIÓN, ETC. | |
| Lugar de publicación, distribución, etc. | New York : |
| Nombre del editor, distribuidor, etc. | Alfred A. Knopf, |
| Fecha de publicación, distribución, etc. | 2003. |
| 300 ## - DESCRIPCIÓN FÍSICA | |
| Extensión | 489 : |
| Otras características físicas | ils. ; |
| Dimensiones | 25 cm. |
| 500 ## - NOTA GENERAL | |
| Nota general | Incluye datos biográficos del autor en la solapa de la contracubierta |
| 500 ## - NOTA GENERAL | |
| Nota general | Incluye notas y referencias bibliográficas |
| Estado de retiro | Estado de pérdida | Restricciones de uso | No para préstamo | Código de colección | Localización permanente | Ubicación/localización actual | Ubicación en estantería | Fecha de adquisición | Número de inventario | Total de préstamos | Signatura topográfica completa | Código de barras | Fecha visto por última vez | Precio válido a partir de | Tipo de ítem Koha |
|---|---|---|---|---|---|---|---|---|---|---|---|---|---|---|---|
| Monografías: Libros y Folletos | General | General | En catalogación | 15.07.2013 | LF1 | 39654-10 | 25.06.2020 | 25.06.2020 | Préstamo en sala |
